| Tag |
First Indicator |
Second Indicator |
Subfields |
| LEADER |
00000cam a22000008a 4500 |
| 001 |
in00001237241 |
| 005 |
20151003062349.0 |
| 008 |
941025s1995 enkbg b 001 0 eng |
| 010 |
|
|
|a 94042448
|
| 015 |
|
|
|a GB95-30632
|
| 020 |
|
|
|a 0198162421
|
| 035 |
|
|
|a (OCoLC)31434154
|
| 035 |
|
|
|9 AGS7539AM
|
| 040 |
|
|
|a DLC
|c DLC
|d OBE
|d UKM
|d UtOrBLW
|
| 043 |
|
|
|a a-is---
|
| 049 |
|
|
|a TXAM
|
| 050 |
0 |
0 |
|a ML345.P3
|b H57 1995
|
| 082 |
0 |
0 |
|a 780/.89/92405694
|2 20
|
| 100 |
1 |
|
|a Hirshberg, Jehoash.
|
| 245 |
1 |
0 |
|a Music in the Jewish community of Palestine 1880-1948 :
|b a social history /
|c Jehoash Hirshberg.
|
| 263 |
|
|
|a 9411
|
| 264 |
|
1 |
|a Oxford [England] :
|b Clarendon Press ;
|a New York :
|b Oxford University Press,
|c 1995.
|
| 300 |
|
|
|a xii, 297 pages :
|b map, music ;
|c 24 cm.
|
| 336 |
|
|
|a text
|b txt
|2 rdacontent
|
| 337 |
|
|
|a unmediated
|b n
|2 rdamedia
|
| 338 |
|
|
|a volume
|b nc
|2 rdacarrier
|
| 504 |
|
|
|a Includes bibliographical references (pages [277]-286) and index.
|
| 650 |
|
0 |
|a Jews
|z Palestine
|x Music
|y 19th century
|x History and criticism.
|
| 650 |
|
0 |
|a Jews
|z Palestine
|x Music
|y 20th century
|x History and criticism.
|
| 650 |
|
0 |
|a Music
|x Social aspects.
|
| 999 |
|
|
|a MARS
|
| 999 |
f |
f |
|s 10edba99-26ca-3f01-851d-60a6081757a4
|i 8a146a1d-3aa3-39b7-b309-245635a4fb89
|t 0
|
| 952 |
f |
f |
|p ric
|a Texas A&M University
|b Rellis Campus
|c Joint Library Facility
|d Remote Storage
|t 0
|e ML345.P3 H57 1995
|h Library of Congress classification
|i unmediated -- volume
|m A14819167565
|
| 998 |
f |
f |
|a ML345.P3 H57 1995
|t 0
|l Remote Storage
|